| 000 | 00469nam a22001217a 4500 | ||
|---|---|---|---|
| 008 | 170914b xxu||||| |||| 00| 0 eng d | ||
| 041 | _aeng | ||
| 080 | _a77 | ||
| 100 | _a43 | ||
| 101 | _aART | ||
| 245 |
_aFRONSTIERSOF PHOTOGRAPHY _c``LA`RSE`N``````````````````````````````````````````````````````````````````````````````````````````````````````````````````````````````````````````````````````````````````````````````````````````````````````````.E |
||
| 942 |
_2udc _cBK |
||
| 999 |
_c27520 _d27520 |
||